[Event "Donostia Hiria Nazioarteko XXX"]
[Site "Donostia-San Sebastián"]
[Date "2009.04.10"]
[Round "7"]
[White "Thomassen, Joachim"]
[Black "Camacho Collados, Jose"]
[Result "1/2-1/2"]
[WhiteElo "2289"]
[BlackElo "2379"]
[PlyCount "58"]
[EventDate "2009.04.05"]
[EventRounds "9"]
[EventCountry "ESP"]

1. e4 c6 2. d4 d5 3. e5 c5 4. dxc5 Nc6 5. Bf4 g6 6. Bb5 Bg7 7. Qd2 e6 8. Nf3
Nge7 9. c3 Qa5 10. Nd4 Bd7 11. b4 Qd8 12. Bxc6 Nxc6 13. Nxc6 Bxc6 14. O-O a5
15. Qd4 O-O 16. Nd2 axb4 17. cxb4 Ra4 18. Nb3 Qa8 19. Qd2 Qa6 20. Na5 Rd8 21.
Rfd1 Rd7 22. Qd4 Bf8 23. a3 Be7 24. Be3 Bd8 25. Nxc6 bxc6 26. Bc1 Qe2 27. Bb2
Bg5 28. Re1 Qc2 29. Rad1 Ra8 {Ilegible} 1/2-1/2

[Event "Donostia Hiria Nazioarteko XXX"]
[Site "Donostia-San Sebastián"]
[Date "2009.04.10"]
[Round "7"]
[White "Alvarez Fernandez, Enrique"]
[Black "Valenti, Giuseppe"]
[Result "1/2-1/2"]
[WhiteElo "2376"]
[BlackElo "2201"]
[PlyCount "90"]
[EventDate "2009.04.05"]
[EventRounds "9"]
[EventCountry "ESP"]

1. d4 Nf6 2. Bf4 d6 3. e3 g6 4. Be2 Bg7 5. h3 O-O 6. Nf3 Nfd7 7. O-O e5 8. Bh2
Nc6 9. Bb5 a6 10. Bxc6 bxc6 11. dxe5 dxe5 12. e4 Rb8 13. b3 Qe7 14. Qe2 Nc5 15.
Nbd2 a5 16. Nc4 Ba6 17. a4 Rb4 18. Nfd2 Ne6 19. Qe3 Rd8 20. c3 Bxc4 21. Nxc4
Rxb3 22. Nxa5 Rb6 23. Nc4 Ra6 24. Bxe5 f6 25. Bg3 Nc5 26. Nb2 Rda8 27. Qd4 Nxe4
28. Rfe1 f5 29. Qc4+ Kh8 30. f3 Qc5+ 31. Qxc5 Nxc5 32. Be5 Nxa4 33. Nxa4 Rxa4
34. Rad1 Bxe5 35. Rxe5 Ra1 36. Rxa1 Rxa1+ 37. Kf2 Kg8 38. Re8+ Kf7 39. Rh8 Rc1
40. Rxh7+ Kf6 41. Rxc7 Rxc3 42. f4 Rc2+ 43. Ke3 Rxg2 44. Rxc6+ Kg7 45. Kf3 Ra2
1/2-1/2

[Event "Donostia Hiria Nazioarteko XXX"]
[Site "Donostia-San Sebastián"]
[Date "2009.04.10"]
[Round "7"]
[White "Vogel, Jaap"]
[Black "Spassov, Liuben"]
[Result "0-1"]
[WhiteElo "2234"]
[BlackElo "2433"]
[PlyCount "61"]
[EventDate "2009.04.05"]
[EventRounds "9"]
[EventCountry "ESP"]

1. Nf3 Nf6 2. d4 e6 3. g3 b5 4. Bg2 Bb7 5. O-O c5 6. b3 cxd4 7. Bb2 Be7 8. Nxd4
Bxg2 9. Kxg2 a6 10. Qd3 O-O 11. Nd2 Qb6 12. c4 Nc6 13. Nxc6 Qxc6+ 14. Qf3 Qb6
15. Rfd1 Rac8 16. Rac1 Rfd8 17. h4 h6 18. Rc2 Rc6 19. Rdc1 Rdc8 20. e4 d6 21.
e5 dxe5 22. Bxe5 Nd5 23. Nf1 Nb4 24. Rd2 bxc4 25. bxc4 Qa5 26. Qe2 Bf8 27. Bb2
Rd6 28. Rxd6 Bxd6 29. a3 Nc6 30. Rd1 Bc5 31. Ne3 {Ilegible} 0-1

[Event "Donostia Hiria Nazioarteko XXX"]
[Site "Donostia-San Sebastián"]
[Date "2009.04.10"]
[Round "7"]
[White "Fidalgo Fernandez, Lucia"]
[Black "Argandona Riveiro, Inigo"]
[Result "0-1"]
[WhiteElo "2102"]
[BlackElo "2371"]
[PlyCount "64"]
[EventDate "2009.04.05"]
[EventRounds "9"]
[EventCountry "ESP"]

1. d4 d6 2. Nf3 g6 3. Bf4 Bg7 4. e3 Nf6 5. Be2 O-O 6. O-O Nbd7 7. h3 c5 8. c3
b6 9. Nbd2 Bb7 10. a4 a6 11. Bh2 Rc8 12. Qb3 Qc7 13. Rfc1 Qb8 14. Bc4 Qa8 15.
Bf1 Bh6 16. Rd1 Ne4 17. Nxe4 Bxe4 18. Ne1 d5 19. g4 f5 20. Be2 fxg4 21. hxg4 c4
22. Qa3 Rf7 23. Bg3 Rcf8 24. b3 Qc6 25. bxc4 dxc4 26. Qb4 b5 27. axb5 axb5 28.
Ra7 Nb6 29. Rc7 Qf6 30. Qxb5 Bxe3 31. Nf3 Bxf3 32. Be5 Qh4 0-1

[Event "Donostia Hiria Nazioarteko XXX"]
[Site "Donostia-San Sebastián"]
[Date "2009.04.10"]
[Round "7"]
[White "Dobrev, Nanko"]
[Black "Kulago, Alexander"]
[Result "1-0"]
[WhiteElo "2366"]
[BlackElo "2168"]
[PlyCount "73"]
[EventDate "2009.04.05"]
[EventRounds "9"]
[EventCountry "ESP"]

1. e4 e5 2. Nf3 Nc6 3. d4 exd4 4. Nxd4 Qf6 5. Be3 Bc5 6. Nb5 Bb4+ 7. c3 Ba5 8.
Nd2 a6 9. Nd4 Nge7 10. Nc4 b5 11. Nxc6 Nxc6 12. Nxa5 Nxa5 13. a4 Nc4 14. Bd4
Qg6 15. axb5 Qxe4+ 16. Qe2 Qxe2+ 17. Bxe2 d5 18. b3 Nb6 19. Bxg7 Rg8 20. Be5
Ra7 21. bxa6 Rxg2 22. Bg3 c6 23. Bf1 Bh3 24. Bxg2 Bxg2 25. Rg1 Be4 26. Kd2 Kd7
27. Bb8 Ra8 28. a7 Bg6 29. Rge1 Nc8 30. c4 d4 31. c5 Ne7 32. Rxe7+ Kxe7 33. Ra4
d3 34. Rd4 Bf5 35. b4 Bd7 36. Kxd3 Kd8 37. b5 1-0

[Event "Donostia Hiria Nazioarteko XXX"]
[Site "Donostia-San Sebastián"]
[Date "2009.04.10"]
[Round "7"]
[White "Galarraga Lasa, Jon Gurutz"]
[Black "Fidalgo Fernandez, Javier"]
[Result "0-1"]
[WhiteElo "1809"]
[BlackElo "2285"]
[PlyCount "64"]
[EventDate "2009.04.05"]
[EventRounds "9"]
[EventCountry "ESP"]

1. e4 c5 2. Nf3 e6 3. d4 cxd4 4. Nxd4 Nf6 5. Bd3 Nc6 6. Nxc6 bxc6 7. O-O d5 8.
exd5 cxd5 9. Re1 Be7 10. Bd2 Qb6 11. Bc3 Bd7 12. b3 Bb4 13. Qd2 Bxc3 14. Qxc3
Rc8 15. Qe5 O-O 16. Nd2 Rc5 17. Re3 Bb5 18. b4 Rcc8 19. Bxb5 Ng4 20. Qf4 Nxe3
21. Qxe3 Qxb5 22. c3 d4 23. Qxd4 Rfd8 24. Qe3 Rd3 25. Qe2 Qd7 26. Ne4 Rd8 27.
Kf1 Qc7 28. g3 Qe5 29. f4 Qd5 30. Rc1 f5 31. Nf2 Rd2 32. Qa6 Rxa2 0-1

[Event "Donostia Hiria Nazioarteko XXX"]
[Site "Donostia-San Sebastián"]
[Date "2009.04.11"]
[Round "8"]
[White "Sebenik, Matej"]
[Black "Kogan, Artur"]
[Result "1/2-1/2"]
[WhiteElo "2482"]
[BlackElo "2541"]
[PlyCount "30"]
[EventDate "2009.04.05"]
[EventRounds "9"]
[EventCountry "ESP"]

1. c4 e5 2. g3 Nf6 3. Bg2 Nc6 4. Nc3 Bb4 5. Nd5 a5 6. a3 Bc5 7. e3 d6 8. Ne2
Nxd5 9. cxd5 Ne7 10. d4 Bb6 11. b3 O-O 12. Bb2 Ng6 13. dxe5 Nxe5 14. h3 Qf6 15.
Nd4 Qg6 1/2-1/2

[Event "Donostia Hiria Nazioarteko XXX"]
[Site "Donostia-San Sebastián"]
[Date "2009.04.11"]
[Round "8"]
[White "Delchev, Aleksander"]
[Black "Huerga Leache, Mikel"]
[Result "1/2-1/2"]
[WhiteElo "2648"]
[BlackElo "2451"]
[PlyCount "142"]
[EventDate "2009.04.05"]
[EventRounds "9"]
[EventCountry "ESP"]

1. d4 d5 2. c4 c6 3. Nc3 Nf6 4. e3 a6 5. Nf3 b5 6. c5 Nbd7 7. Bd2 g6 8. b4 Bg7
9. a4 Rb8 10. Bd3 O-O 11. axb5 axb5 12. h3 Re8 13. O-O e5 14. dxe5 Nxe5 15.
Nxe5 Rxe5 16. Ne2 Re8 17. Bc3 Qc7 18. Ra3 Nh5 19. Qa1 Bxc3 20. Qxc3 Ng7 21.
Rfa1 Bb7 22. Ra7 Ne6 23. Qf6 Ra8 24. Rxa8 Rxa8 25. Rxa8+ Bxa8 26. h4 Qd8 27.
Qxd8+ Nxd8 28. e4 dxe4 29. Bxe4 f5 30. Bc2 Nf7 31. f4 Kf8 32. Nd4 h5 33. Bd1
Bb7 34. Bf3 Nd8 35. Kf2 Ke7 36. Ke3 Kd7 37. g3 Bc8 38. Bg2 Bb7 39. Nf3 Ke6 40.
Ne5 Kf6 41. Bf3 Ba8 42. Bd1 Bb7 43. Nd7+ Ke7 44. Ne5 Kf6 45. Bb3 Bc8 46. Bd1
Bb7 47. Kd4 Ne6+ 48. Kc3 Nd8 49. Nf3 Bc8 50. Nd4 Bd7 51. Bf3 Be8 52. Nb3 Bd7
53. Nc1 Be8 54. Nd3 Bd7 55. Ne5 Be8 56. Kd3 Ke7 57. Kc2 Kf6 58. Kb2 Ke7 59. Bd1
Kf6 60. Bb3 Ke7 61. Kc3 Kf6 62. Kd4 Ne6+ 63. Bxe6 Kxe6 64. Nf3 Kf6 65. Ng5 Bf7
66. Nf3 Bd5 67. Ne5 Bh1 68. Nd7+ Ke6 69. Nb6 Bg2 70. Nc8 Bh1 71. Nd6 Bg2
1/2-1/2

[Event "Donostia Hiria Nazioarteko XXX"]
[Site "Donostia-San Sebastián"]
[Date "2009.04.11"]
[Round "8"]
[White "Lafuente, Pablo"]
[Black "Herraiz Hidalgo, Herminio"]
[Result "1-0"]
[WhiteElo "2517"]
[BlackElo "2520"]
[PlyCount "89"]
[EventDate "2009.04.05"]
[EventRounds "9"]
[EventCountry "ESP"]

1. c4 Nf6 2. d4 c5 3. Nf3 cxd4 4. Nxd4 e5 5. Nb5 d5 6. cxd5 Bc5 7. e3 O-O 8.
N5c3 e4 9. Be2 Qe7 10. Nd2 Rd8 11. Nb3 Bb4 12. Bd2 Nxd5 13. Qc2 Nxc3 14. Bxc3
Nc6 15. O-O Bf5 16. Rfd1 Rac8 17. Rxd8+ Rxd8 18. Rc1 h6 19. Nd4 Nxd4 20. Bxd4
Rc8 21. Qd1 Bc5 22. Rc3 Bxd4 23. Rxc8+ Bxc8 24. Qxd4 b6 25. h3 Bb7 26. Bc4 Kh7
27. Bb3 Qc7 28. h4 h5 29. Qc4 Qxc4 30. Bxc4 Kg6 31. Kh2 f6 32. Be6 Ba6 33. Kg3
Bf1 34. Bh3 Kh6 35. Bf5 Bd3 36. Kf4 g5+ 37. hxg5+ fxg5+ 38. Ke5 h4 39. Bxe4 Bc4
40. b3 Be2 41. Bf5 Bf1 42. Bh3 Kh5 43. f3 Kg6 44. e4 g4 45. fxg4 1-0

[Event "Donostia Hiria Nazioarteko XXX"]
[Site "Donostia-San Sebastián"]
[Date "2009.04.11"]
[Round "8"]
[White "Maiorov, Nikita"]
[Black "San Segundo Carrillo, Pablo"]
[Result "1/2-1/2"]
[WhiteElo "2525"]
[BlackElo "2560"]
[PlyCount "95"]
[EventDate "2009.04.05"]
[EventRounds "9"]
[EventCountry "ESP"]

1. d4 d5 2. c4 e6 3. Nf3 Nf6 4. Nc3 Bb4 5. cxd5 exd5 6. Qa4+ Nc6 7. Bg5 h6 8.
Bxf6 Qxf6 9. e3 O-O 10. Be2 Be6 11. a3 Bd6 12. Nb5 Bg4 13. Rc1 Ne7 14. Nxd6
Qxd6 15. Qb4 Qxb4+ 16. axb4 c6 17. b5 Rfc8 18. bxc6 Rxc6 19. Rxc6 Nxc6 20. Kd2
Kf8 21. h3 Be6 22. Rc1 Rc8 23. Ra1 a5 {Ilegible} 24. Ne1 b6 25. Nd3 Ke7 26. g4
Kd6 27. f3 f6 28. Bd1 Bg8 29. Ra3 Bh7 30. Rb3 Bxd3 31. Kxd3 Nb4+ 32. Kd2 g5 33.
Ra3 Rh8 34. f4 gxf4 35. exf4 Nc6 36. Rd3 b5 37. Bf3 a4 38. Bd1 Ra8 39. h4 b4
40. Kc1 b3 41. g5 fxg5 42. fxg5 hxg5 43. hxg5 Rg8 44. Rg3 Nxd4 45. Rg4 Ke5 46.
g6 Ne6 47. Rxa4 Rxg6 48. Bxb3 {Ilegible} 1/2-1/2

[Event "Donostia Hiria Nazioarteko XXX"]
[Site "Donostia-San Sebastián"]
[Date "2009.04.11"]
[Round "8"]
[White "Salgado Lopez, Ivan"]
[Black "Ivanov, Jordan"]
[Result "1/2-1/2"]
[WhiteElo "2559"]
[BlackElo "2435"]
[PlyCount "116"]
[EventDate "2009.04.05"]
[EventRounds "9"]
[EventCountry "ESP"]

1. e4 e5 2. Bc4 Nf6 3. d3 c6 4. Nf3 d5 5. Bb3 Bd6 6. exd5 cxd5 7. O-O h6 8. Re1
O-O 9. Nxe5 Bxe5 10. Rxe5 Ng4 11. Re2 Qd6 12. g3 Nc6 13. Bf4 Qg6 14. d4 Nxh2
15. Kxh2 Bg4 16. f3 Bxf3 17. Nc3 Rae8 18. Kg1 Rxe2 19. Nxe2 Re8 20. Qf1 Qh5 21.
Re1 Rxe2 22. Rxe2 Bxe2 23. Qg2 Bf3 24. g4 Qxg4 25. Qxg4 Bxg4 26. Bxd5 Nxd4 27.
Be3 Nxc2 28. Bxa7 b5 29. Be4 Nb4 30. a3 f5 31. Bb7 Nd3 32. b4 Bd1 33. Bc8 g6
34. Be6+ Kf8 35. Bd7 Ba4 36. Kf1 Ke7 37. Bc6 Ne5 38. Bc5+ Ke6 39. Be8 g5 40.
Bf8 Ng4 41. Kg1 f4 42. Bh5 Nf6 43. Bg6 Ng4 44. Bh5 Kf5 45. Bg7 Nf6 46. Be2 Kg6
47. Bf8 g4 48. Bd3+ Kh5 49. Be7 Nd5 50. Bd8 Ne3 51. Bc7 f3 52. Kf2 Nd5 53. Bd8
Nf4 54. Bf5 Bb3 55. Bd7 Kg6 56. Bxg4 Nd3+ 57. Kxf3 Ne5+ 58. Kf4 Nxg4 1/2-1/2

[Event "Donostia Hiria Nazioarteko XXX"]
[Site "Donostia-San Sebastián"]
[Date "2009.04.11"]
[Round "8"]
[White "Narciso Dublan, Marc"]
[Black "Suarez Pousa, Diego"]
[Result "1-0"]
[WhiteElo "2534"]
[BlackElo "2431"]
[PlyCount "61"]
[EventDate "2009.04.05"]
[EventRounds "9"]
[EventCountry "ESP"]

1. d4 Nf6 2. Nf3 e6 3. e3 d5 4. Bd3 Be7 5. Nbd2 b6 6. O-O O-O 7. e4 c5 8. dxc5
bxc5 9. c3 Ba6 10. Bxa6 Nxa6 11. Qe2 Nb8 12. c4 Nc6 13. Rd1 Qc7 14. exd5 exd5
15. Nb3 dxc4 16. Qxc4 Ne5 17. Qf4 Rfd8 18. Bd2 Bd6 19. Ba5 Qe7 20. Bxd8 Nxf3+
21. Qxf3 Rxd8 22. g3 h5 23. Na5 Rc8 24. Nc6 Qc7 25. Nxa7 Rb8 26. a4 Bxg3 27.
hxg3 Qxa7 28. a5 h4 29. gxh4 Qa6 30. Qg3 Rb4 31. Rd8+ 1-0

[Event "Donostia Hiria Nazioarteko XXX"]
[Site "Donostia-San Sebastián"]
[Date "2009.04.11"]
[Round "8"]
[White "Tratar, Marko"]
[Black "Santos Latasa, Jaime"]
[Result "1/2-1/2"]
[WhiteElo "2488"]
[BlackElo "2155"]
[PlyCount "113"]
[EventDate "2009.04.05"]
[EventRounds "9"]
[EventCountry "ESP"]

1. d4 Nf6 2. Nf3 e6 3. c4 Bb4+ 4. Bd2 Qe7 5. g3 Nc6 6. Bg2 Bxd2+ 7. Nbxd2 d6 8.
e4 e5 9. d5 Nb8 10. O-O a5 11. Ne1 h5 12. Nef3 c6 13. c5 cxd5 14. exd5 Nbd7 15.
cxd6 Qxd6 16. Nc4 Qxd5 17. Nfxe5 Qxd1 18. Raxd1 Nxe5 19. Rfe1 O-O 20. Rxe5 Bg4
21. Rde1 a4 22. Bxb7 Rab8 23. Na5 Bc8 24. Bxc8 Rfxc8 25. R1e2 Rc1+ 26. Kg2 Rb1
27. Nc4 Rc1 28. Nd6 Rb6 29. Rd2 Rcc6 30. Ne4 Nxe4 31. Rxe4 Ra6 32. a3 Rcb6 33.
Kf3 Rb3+ 34. Kg2 Rab6 35. Rxa4 Rxb2 36. Rxb2 Rxb2 37. Rf4 Ra2 38. a4 Ra3 39.
Kf1 f6 40. Ke2 Kf7 41. h4 Ke6 42. Kd2 g5 43. Rb4 Kf5 44. Kc2 Ra2+ 45. Kb3 Rxf2
46. Kc4 Kg4 47. hxg5 fxg5 48. Rb3 Ra2 49. Kb5 h4 50. gxh4 gxh4 51. a5 h3 52.
Rb1 h2 53. Rh1 Kg3 54. a6 Kg2 55. Rxh2+ Kxh2 56. Kb6 Rxa6+ 57. Kxa6 1/2-1/2

[Event "Donostia Hiria Nazioarteko XXX"]
[Site "Donostia-San Sebastián"]
[Date "2009.04.11"]
[Round "8"]
[White "Spassov, Liuben"]
[Black "Dobrev, Nanko"]
[Result "1-0"]
[WhiteElo "2433"]
[BlackElo "2366"]
[PlyCount "87"]
[EventDate "2009.04.05"]
[EventRounds "9"]
[EventCountry "ESP"]

1. d4 Nf6 2. c4 e6 3. Nf3 Bb4+ 4. Nbd2 b6 5. a3 Bxd2+ 6. Qxd2 O-O 7. e3 Bb7 8.
Be2 d6 9. O-O Nbd7 10. b4 Qe7 11. Bb2 Rfd8 12. Rfd1 c5 13. dxc5 dxc5 14. Qc3
Bc6 15. b5 Bb7 16. Rd3 Nf8 17. Rad1 Be4 18. R3d2 Ng6 19. h3 Ne8 20. Ne5 Qg5 21.
Bf3 Rxd2 22. Rxd2 Bxf3 23. Nxf3 Qe7 24. Qd3 f6 25. h4 Nf8 26. h5 h6 27. Nh4 Rc8
28. f4 Nc7 29. Ng6 Nxg6 30. hxg6 Kf8 31. a4 Ne8 32. Bc3 Qc7 33. a5 Ke7 34. axb6
axb6 35. e4 Rd8 36. Qxd8+ Qxd8 37. Rxd8 Kxd8 38. e5 fxe5 39. fxe5 Nc7 40. Kf2
Kd7 41. Kf3 Ke7 42. Kg4 Kf8 43. Kh5 Kg8 44. Be1 {!!Ilegible!!} 1-0

[Event "Donostia Hiria Nazioarteko XXX"]
[Site "Donostia-San Sebastián"]
[Date "2009.04.11"]
[Round "8"]
[White "Berbatov, Kiprian"]
[Black "Rubio Mejia, Luis Ignacio"]
[Result "1/2-1/2"]
[WhiteElo "2393"]
[BlackElo "2363"]
[PlyCount "60"]
[EventDate "2009.04.05"]
[EventRounds "9"]
[EventCountry "ESP"]

1. e4 c5 2. Nf3 d6 3. d4 cxd4 4. Nxd4 Nf6 5. Nc3 a6 6. Bc4 e6 7. Bb3 Nbd7 8.
Bg5 Qa5 9. Bxf6 Nxf6 10. O-O Bd7 11. f4 Be7 12. f5 e5 13. Nde2 Rc8 14. Kh1 Bc6
15. Qd3 O-O 16. Rad1 b5 17. a3 Qb6 18. Ng3 a5 19. Qe2 a4 20. Nd5 Bxd5 21. Bxd5
b4 22. axb4 Qxb4 23. c3 Qc5 24. Nh5 a3 25. bxa3 Qxa3 26. Nxf6+ Bxf6 27. c4 Qa7
28. Rd3 Rb8 29. Rh3 h6 30. g4 Bg5 1/2-1/2

[Event "Donostia Hiria Nazioarteko XXX"]
[Site "Donostia-San Sebastián"]
[Date "2009.04.11"]
[Round "8"]
[White "Vaibhav, Suri"]
[Black "Alvarez Fernandez, Enrique"]
[Result "1/2-1/2"]
[WhiteElo "2222"]
[BlackElo "2376"]
[PlyCount "86"]
[EventDate "2009.04.05"]
[EventRounds "9"]
[EventCountry "ESP"]

1. e4 c6 2. d4 d6 3. Nc3 g6 4. Be3 Bg7 5. f4 d5 6. e5 h5 7. Nf3 Nh6 8. Be2 Bg4
9. Qd2 e6 10. Nd1 Nf5 11. Bf2 Nd7 12. O-O Rc8 13. Ne3 Bxf3 14. Bxf3 Bh6 15. g3
Bf8 16. Rad1 b5 17. Qe2 Be7 18. Rfe1 Nb6 19. Kg2 Nc4 20. Nxf5 exf5 21. b3 Nb6
22. h3 Qd7 23. g4 hxg4 24. hxg4 Qe6 25. Rh1 Kd7 26. g5 Na8 27. c4 bxc4 28. bxc4
Nb6 29. c5 Nc4 30. Rxh8 Rxh8 31. Rb1 Kc7 32. Qd1 Rb8 33. Rxb8 Kxb8 34. Qb3+ Ka8
35. Be1 Bd8 36. Qa4 Bc7 37. Be2 Kb7 38. Qb3+ Ka8 39. Qa4 Kb7 40. Qb3+ Ka8 41.
Qa4 Kb7 42. Kf2 Bd8 43. Qb3+ Ka8 1/2-1/2

[Event "Donostia Hiria Nazioarteko XXX"]
[Site "Donostia-San Sebastián"]
[Date "2009.04.11"]
[Round "8"]
[White "Argandona Riveiro, Inigo"]
[Black "Thomassen, Joachim"]
[Result "0-1"]
[WhiteElo "2371"]
[BlackElo "2289"]
[PlyCount "90"]
[EventDate "2009.04.05"]
[EventRounds "9"]
[EventCountry "ESP"]

1. Nf3 d5 2. d4 Nf6 3. c4 c6 4. e3 Bg4 5. Nc3 e6 6. Qb3 Qb6 7. Nh4 Bh5 8. h3 g5
9. Nf3 h6 10. c5 Qc7 11. Bd3 Bxf3 12. gxf3 Nbd7 13. f4 gxf4 14. exf4 b6 15.
cxb6 axb6 16. Be3 Bd6 17. Rc1 Qb8 18. Ne2 c5 19. Bb1 cxd4 20. Bxd4 Bxf4 21. Rc6
b5 22. Bd3 Be5 23. Be3 b4 24. Ba6 Ke7 25. Bd2 Bd6 26. Nd4 Ne4 27. Be3 Qg8 28.
Kf1 Nec5 29. Qxb4 Qg6 30. Rxd6 Kxd6 31. Nb5+ Kc6 32. Nd4+ Kc7 33. Be2 Rxa2 34.
Bf4+ Kd8 35. Bg3 Qb1+ 36. Kg2 Qxb2 37. Nc6+ Ke8 38. Qh4 Qf6 39. Qh5 Qg6 40. Re1
Qxh5 41. Bxh5 Ne4 42. Bh4 Ra6 43. Rc1 Ndc5 44. Ne5 Rg8+ 45. Kf1 Rg7 {Ilegible}
0-1

[Event "Donostia Hiria Nazioarteko XXX"]
[Site "Donostia-San Sebastián"]
[Date "2009.04.11"]
[Round "8"]
[White "Burton, Graham P"]
[Black "Markosian, David S"]
[Result "0-1"]
[WhiteElo "2059"]
[BlackElo "2444"]
[PlyCount "98"]
[EventDate "2009.04.05"]
[EventRounds "9"]
[EventCountry "ESP"]

1. e4 e6 2. d4 d5 3. e5 c5 4. c3 Nc6 5. Nf3 Qb6 6. Be2 Nh6 7. Bxh6 gxh6 8. Qd2
Bd7 9. O-O Bg7 10. Na3 cxd4 11. cxd4 O-O 12. Nc2 f6 13. exf6 Rxf6 14. b4 Raf8
15. b5 Ne7 16. Ne5 Be8 17. g3 h5 18. Ne3 Nf5 19. Rad1 Nd6 20. Bd3 Kh8 21. Qb2
Nf7 22. Nxf7+ R6xf7 23. Be2 Rc7 24. a4 Bg6 25. Qc3 Rcf7 26. a5 Qd8 27. Ng2 Bh6
28. Nh4 Bg5 29. Nxg6+ hxg6 30. a6 b6 31. Qd3 Kg7 32. f4 Bf6 33. Bf3 Rc7 34.
Rfe1 Qd6 35. Qc3 Kf7 36. g4 hxg4 37. Bxg4 Re7 38. Rc1 Rfe8 39. Kh1 Qb4 40. Qh3
Kg7 41. Bxe6 Qxd4 42. f5 Rh8 43. Qg2 g5 44. Bxd5 Rxe1+ 45. Rxe1 Rh4 46. Bc6 Qf4
47. Rd1 Kh6 48. Rf1 Qe5 49. Qd5 Qxh2# 0-1

[Event "Donostia Hiria Nazioarteko XXX"]
[Site "Donostia-San Sebastián"]
[Date "2009.04.11"]
[Round "8"]
[White "Djingarova, Emilia"]
[Black "Garro Beraza, Haritz"]
[Result "1-0"]
[WhiteElo "2334"]
[BlackElo "2028"]
[PlyCount "73"]
[EventDate "2009.04.05"]
[EventRounds "9"]
[EventCountry "ESP"]

1. Nf3 Nf6 2. g3 g6 3. Bg2 Bg7 4. O-O O-O 5. d4 d6 6. c4 Nc6 7. Nc3 a6 8. b3
Rb8 9. Nd5 b5 10. Nxf6+ Bxf6 11. Bh6 Re8 12. Rc1 Bd7 13. Qd2 e5 14. cxb5 axb5
15. dxe5 Nxe5 16. Nxe5 Rxe5 17. Bf4 Re7 18. Bf3 Be6 19. Rfd1 b4 20. h4 h5 21.
Bg5 Bxg5 22. Qxg5 Rd7 23. Qf4 d5 24. Rc5 Qe7 25. Rdc1 Rb7 26. Ra5 Qd6 27. Qf6
Rb8 28. Rcc5 c6 29. Qd4 Kh7 30. Ra6 Rc7 31. e4 Qd7 32. Raa5 Bg4 33. Bxg4 Qxg4
34. Qe5 Rbb7 35. Ra8 Rc8 36. Rxc8 Qxc8 37. exd5 1-0

[Event "Donostia Hiria Nazioarteko XXX"]
[Site "Donostia-San Sebastián"]
[Date "2009.04.11"]
[Round "8"]
[White "Diaz Herrero, Alvaro"]
[Black "Rudolf, Anna"]
[Result "1-0"]
[WhiteElo "2121"]
[BlackElo "2330"]
[PlyCount "115"]
[EventDate "2009.04.05"]
[EventRounds "9"]
[EventCountry "ESP"]

1. e4 e6 2. Nf3 d5 3. Nc3 Nf6 4. e5 Nfd7 5. d4 Be7 6. Bd3 c5 7. dxc5 Nxc5 8.
Bf4 Nc6 9. Qe2 O-O 10. O-O-O Nxd3+ 11. Qxd3 Qa5 12. Kb1 b6 13. Nd4 Nxd4 14.
Qxd4 Bc5 15. Qd2 Ba6 16. Be3 Rfc8 17. h4 d4 18. Bxd4 Rd8 19. Qe3 Bc4 20. Bxc5
bxc5 21. Rxd8+ Rxd8 22. a3 Rd4 23. h5 h6 24. Rd1 Qd8 25. Rxd4 cxd4 26. Qd2 Qh4
27. Nd1 Qe4 28. f4 Be2 29. g3 Bxh5 30. Nf2 Qe3 31. Qxe3 dxe3 32. Nd3 Be2 33.
Ne1 Kh7 34. Ng2 g5 35. fxg5 hxg5 36. Nxe3 Kg6 37. Kc1 f5 38. exf6 Kxf6 39. Kd2
Bh5 40. Nc4 Kf5 41. Ke3 Kg4 42. Kf2 Kf5 43. Nd2 Bd1 44. c4 Ba4 45. b4 a6 46.
Nb1 e5 47. Nc3 Be8 48. b5 axb5 49. cxb5 Ke6 50. a4 e4 51. a5 Kd7 52. a6 Kc8 53.
Ke3 Bg6 54. b6 Kb8 55. Nxe4 Be8 56. a7+ Ka8 57. Nc5 Bc6 58. Ne6 1-0

[Event "Donostia Hiria Nazioarteko XXX"]
[Site "Donostia-San Sebastián"]
[Date "2009.04.12"]
[Round "9"]
[White "Kogan, Artur"]
[Black "Bhat, Vinay S"]
[Result "1/2-1/2"]
[WhiteElo "2541"]
[BlackElo "2475"]
[PlyCount "37"]
[EventDate "2009.04.05"]
[EventRounds "9"]
[EventCountry "ESP"]

1. e4 e6 2. d4 d5 3. Nc3 Bb4 4. e5 c5 5. a3 Bxc3+ 6. bxc3 Ne7 7. a4 Qa5 8. Bd2
Nbc6 9. Nf3 Bd7 10. Bb5 Qc7 11. O-O O-O 12. Re1 h6 13. Qc1 a6 14. Bd3 c4 15.
Bf1 f6 16. Bxh6 gxh6 17. Qxh6 Nf5 18. Qg6+ Kh8 19. Qh5+ 1/2-1/2

[Event "Donostia Hiria Nazioarteko XXX"]
[Site "Donostia-San Sebastián"]
[Date "2009.04.12"]
[Round "9"]
[White "Lafuente, Pablo"]
[Black "Sebenik, Matej"]
[Result "1/2-1/2"]
[WhiteElo "2517"]
[BlackElo "2482"]
[PlyCount "56"]
[EventDate "2009.04.05"]
[EventRounds "9"]
[EventCountry "ESP"]

1. d4 d6 2. g3 g6 3. Bg2 Bg7 4. Nf3 Nd7 5. c4 e5 6. Nc3 Ne7 7. O-O O-O 8. e3
exd4 9. exd4 d5 10. c5 Re8 11. Re1 Nf8 12. Ne5 c6 13. b4 Ne6 14. Bb2 Nf5 15.
Ne2 a5 16. a3 axb4 17. axb4 Rxa1 18. Bxa1 Nc7 19. Nc1 Re7 20. Nb3 Qe8 21. Nf3
h5 22. Rxe7 Qxe7 23. Bb2 h4 24. Qe1 hxg3 25. hxg3 Qe4 26. Qd1 Qe7 27. Qe1 Qe4
28. Qd1 Qe7 1/2-1/2

[Event "Donostia Hiria Nazioarteko XXX"]
[Site "Donostia-San Sebastián"]
[Date "2009.04.12"]
[Round "9"]
[White "Huerga Leache, Mikel"]
[Black "Narciso Dublan, Marc"]
[Result "0-1"]
[WhiteElo "2451"]
[BlackElo "2534"]
[PlyCount "58"]
[EventDate "2009.04.05"]
[EventRounds "9"]
[EventCountry "ESP"]

1. e4 e5 2. Nf3 d6 3. d4 exd4 4. Nxd4 Nf6 5. Nc3 Be7 6. Bf4 O-O 7. Qd2 c6 8.
O-O-O b5 9. f3 b4 10. Nce2 c5 11. Nf5 Bxf5 12. exf5 d5 13. Bg5 Qa5 14. Kb1 Nc6
15. Nf4 Rad8 16. Bxf6 Bxf6 17. Nh5 Rd6 18. g4 Bc3 19. Qg5 h6 20. Qf4 Be5 21.
Qe3 c4 22. f4 Bd4 23. Qc1 Re8 24. Re1 Rxe1 25. Qxe1 Ne5 26. fxe5 Ra6 27. a3
Bxb2 28. Qxb4 Qxb4 29. axb4 Bc3 0-1

[Event "Donostia Hiria Nazioarteko XXX"]
[Site "Donostia-San Sebastián"]
[Date "2009.04.12"]
[Round "9"]
[White "Cifuentes Parada, Roberto"]
[Black "Delchev, Aleksander"]
[Result "1-0"]
[WhiteElo "2531"]
[BlackElo "2648"]
[PlyCount "139"]
[EventDate "2009.04.05"]
[EventRounds "9"]
[EventCountry "ESP"]

1. Nf3 Nf6 2. c4 c6 3. Nc3 d5 4. e3 a6 5. d4 b5 6. b3 Bg4 7. h3 Bxf3 8. Qxf3 e5
9. c5 Qe7 10. Be2 g6 11. Bb2 Bg7 12. b4 Nbd7 13. a4 O-O 14. O-O Rfe8 15. Rfe1
Nf8 16. Red1 exd4 17. exd4 Ne6 18. Bf1 Qb7 19. Qd3 Nd7 20. Ne2 Ndf8 21. Bc3 Nc7
22. Nc1 bxa4 23. Rxa4 Nb5 24. Bb2 Re4 25. Nb3 Qe7 26. Qc2 Nc7 27. Na5 Qd7 28.
Nb3 Nfe6 29. f3 Rf4 30. Qf2 h5 31. Bc1 Rf5 32. Be3 g5 33. Qd2 Nf4 34. h4 Qe7
35. Na5 Re8 36. Ra3 Qf6 37. Nb7 Bf8 38. Nd6 Bxd6 39. cxd6 Qxd6 40. hxg5 Nce6
41. Rxa6 Nxg5 42. Bxf4 Qxf4 43. Qxf4 Rxf4 44. Rxc6 Ne6 45. Rd6 Nxd4 46. Rxd5
Nf5 47. b5 Ne3 48. Re1 Nxd5 49. Rxe8+ Kg7 50. Kf2 Rb4 51. Re5 Nf4 52. g3 Rb2+
53. Ke3 f6 54. Rc5 Ng6 55. Rxh5 Rb3+ 56. Kf2 Ne5 57. Be2 Rb2 58. Rh1 f5 59. Ke3
Rb3+ 60. Kd4 Kf6 61. f4 Ng4 62. Bxg4 fxg4 63. Kc4 Rxg3 64. b6 Re3 65. Rb1 Re8
66. b7 Rb8 67. Kd3 g3 68. Ke2 g2 69. Kf2 Kf5 70. Rb4 1-0